000 00352nam a2200133Ia 4500
008 240624s9999 xx 000 0 und d
041 _aeng
082 _a659.2 SCO
100 _aSCOBLE ROBERT
245 _aNAKED CONVERSATIONS HOW BLOGS ARE CHANGI
260 _c2006
_aNew Jersey
_bJohn Wiley and Sons
300 _ax, : 251p. : cm. ; 23
365 _c
_b27
999 _c4721
_d4721